CANCIONES Y DECIRES

Αποθηκεύτηκε σε:
Λεπτομέρειες βιβλιογραφικής εγγραφής
Κύριος συγγραφέας: Santillana (autor)
Μορφή: Βιβλίο
Ετικέτες: Προσθήκη ετικέτας
Δεν υπάρχουν, Καταχωρήστε ετικέτα πρώτοι!

MARC

LEADER 00000nam^a2200000^a^4500
001 000212572
005 20250521000000.0
009 20260310103500.833
035 |a 022640 
037 |a Acervo Xavier Clavigero 
082 |a 822. 0  |b SAN 
100 |a Santillana,  |e (autor) 
245 1 0 |a CANCIONES Y DECIRES 
264 |a MADRID :  |b ESPASA-CALPE, S.A.,  |c 1913 
336 |a texto  |b txt  |2 rdacontenido 
337 |a sin mediación  |b n  |2 rdamedio 
338 |a volumen  |b nc  |2 rdasoporte 
649 |a XX 
910 |a Fondo General 
920 |a Impresos - Libros 
930 |a Colección General 
940 |a Literatura 
905 |a 101 
901 |a 022640  |b IT1  |c LIT  |i 022640  |u 20250521 
901 |a 022594  |b IT1  |c LIT  |i 022594  |u 20250521 
902 |a https://opac.biblio.iteso.mx/vufind/Record/000212572